| 000 | 00376nam a2200169Ia 4500 | ||
|---|---|---|---|
| 008 | 210210b1938 xxu||||| |||| 00| 0 eng d | ||
| 041 | _aeng | ||
| 082 | _a425/168 | ||
| 100 | _aLEWIS (C D) | ||
| 245 | _aRevolution in writing | ||
| 260 |
_aLondon _b- _c1938 |
||
| 650 | _awriting | ||
| 650 | _aRevolution | ||
| 650 | _ain | ||
| 690 | _aEnglish Grammar | ||
| 906 | _a005944 | ||
| 999 |
_c128961 _d128961 |
||